| 000 | 00463nam a2200181Ia 4500 | ||
|---|---|---|---|
| 003 | OSt | ||
| 005 | 20230605205415.0 | ||
| 008 | 210423s2010 xx 000 0 und d | ||
| 040 | _cAL | ||
| 041 | _aeng | ||
| 082 |
_a155.6 _223 _bAGOL |
||
| 100 |
_aAGOCHIYA (D). _9119717 |
||
| 245 | _aLife competevies for adolescent. | ||
| 260 |
_aNew Delhi _bSage Publications _c2010 |
||
| 365 |
_b495 _cINR |
||
| 906 | _aadolescent. ; competevies ; Life | ||
| 942 |
_2ddc _cBK |
||
| 999 |
_c175714 _d175714 |
||